Text book of hydraulic machines (Record no. 10732)

000 -LEADER
fixed length control field 00441nam a22001817a 4500
001 - CONTROL NUMBER
control field 10732
003 - CONTROL NUMBER IDENTIFIER
control field BD-DhUET
008 - FIXED-LENGTH DATA ELEMENTS--GENERAL INFORMATION
fixed length control field 150209b xxu||||| |||| 00| 0 eng d
040 ## - CATALOGING SOURCE
Transcribing agency 0
Modifying agency BD-DhUET
082 ## - DEWEY DECIMAL CLASSIFICATION NUMBER
Classification number 621.2
Item number KHU/1985
100 ## - MAIN ENTRY--PERSONAL NAME
Personal name Khurmi, R. S.
245 ## - TITLE STATEMENT
Title Text book of hydraulic machines
250 ## - EDITION STATEMENT
Edition statement 14th ed.
260 ## - PUBLICATION, DISTRIBUTION, ETC. (IMPRINT)
Place of publication, distribution, etc. New Delhi
Name of publisher, distributor, etc. S. Chand
Date of publication, distribution, etc. 1985
300 ## - PHYSICAL DESCRIPTION
Extent vii, v.p.
Other physical details ill.
650 #0 - SUBJECT ADDED ENTRY--TOPICAL TERM
Topical term or geographic name as entry element Hydraulic Machines
942 ## - ADDED ENTRY ELEMENTS (KOHA)
Koha item type General Book
Holdings
Koha item type Withdrawn status Not for loan Koha normalized classification for sorting Damaged status Sublocation or collection (holding branch) Source of classification or shelving scheme Date acquired Koha full call number Copy number Lost status Location (home branch) Piece designation (barcode) Shelving location Price effective from Koha date last seen
General Book  621_200000000000000_KHU_1985 Central Library, BUET 2015-02-09621.2/KHU/19851 Central Library, BUET64129Circulation section2015-02-092015-02-09
General Book  621_200000000000000_KHU_1985 Central Library, BUET 2015-02-09621.2/KHU/19852 Central Library, BUET64154Circulation section2015-02-092015-02-09
General Book  621_200000000000000_KHU_1985 Central Library, BUET 2015-02-09621.2/KHU/19853 Central Library, BUET64142Circulation section2015-02-092015-02-09
General Book  621_200000000000000_KHU_1985 Central Library, BUET 2015-02-09621.2/KHU/19854 Central Library, BUET56685Circulation section2015-02-092015-02-09
General Book  621_200000000000000_KHU_1985 Central Library, BUET 2015-02-09621.2/KHU/19855 Central Library, BUET64155Circulation section2015-02-092015-06-22
General Book  621_200000000000000_KHU_1985 Central Library, BUET 2015-02-09621.2/KHU/19856 Central Library, BUET64132Circulation section2015-02-092015-02-09
General Book  621_200000000000000_KHU_1985 Central Library, BUET 2015-02-09621.2/KHU/19857 Central Library, BUET64136Circulation section2015-02-092015-02-09
General Book  621_200000000000000_KHU_1985 Central Library, BUET 2015-02-09621.2/KHU/19858 Central Library, BUET64153Circulation section2015-02-092015-02-09
General Book  621_200000000000000_KHU_1985 Central Library, BUET 2015-02-09621.2/KHU/19859 Central Library, BUET64134Circulation section2015-02-092015-02-09
General Book  621_200000000000000_KHU_1985 Central Library, BUET 2015-02-09621.2/KHU/198510 Central Library, BUET64150Circulation section2015-02-092015-02-09
General Book  621_200000000000000_KHU_1985 Central Library, BUET 2015-02-09621.2/KHU/198511 Central Library, BUET64137Circulation section2015-02-092015-02-09
General Book  621_200000000000000_KHU_1985 Central Library, BUET 2015-02-09621.2/KHU/198512 Central Library, BUET64139Circulation section2015-02-092015-02-09